[Event "Israel Championship 2021"]
[Site "Haifa"]
[Date "2021.03.12"]
[Round "6.3"]
[White "Gorodetsky, David"]
[Black "Parkhov, Yair"]
[Result "1/2-1/2"]
[WhiteElo "2495"]
[BlackElo "2407"]
[Annotator "TA"]
[PlyCount "49"]
[EventDate "2021.01.10"]
[EventType "swiss"]
[EventCountry "ISR"]
[SourceTitle "playchess.com"]
[Source "ChessBase"]
[SourceQuality "1"]

{[%evp 29,49,40,39,21,51,40,33,26,26,29,35,23,28,0,0,0,28,0,0,0,28,0]} 1. e4 e5 2. Nf3 Nc6 3. Bb5 a6 4. Ba4 Nf6 5. O-O Be7 6. Re1 b5 7. Bb3 O-O 8. c3 d5 9. exd5 Nxd5 10. Nxe5 Nxe5 11. Rxe5 c6 12. d4 Bd6 13. Re1 Qh4 14. g3 Qh3 15. Re4 g5 16. Qf1 {C89: Closed Ruy Lopez: Marshall Attack.} ({Weaker is} 16. Bxg5 Qf5 $17) 16... Qxf1+ {has lost popularity (16...Qh5).} 17. Kxf1 Bf5 18. Re1 {White is slightly better.} Rae8 {[#] ( -> ...Bh3+)} 19. Be3 Bd3+ 20. Kg1 f5 {[#]} 21. Rd1 $146 ({Predecessor:} 21. Na3 f4 22. Bd2 a5 23. Rac1 a4 24. Bc2 Be2 25. Nb1 h5 26. Bd1 Bxd1 27. Rcxd1 g4 28. Rxe8 Rxe8 29. Kf1 Kf7 30. Re1 Rd8 31. Bxf4 {½-½ (31) Turkov,V (2533)-Nadeev,S (2430) ICCF email 2017}) 21... Be2 22. Re1 Bd3 23. Rd1 Be2 24. Re1 Bd3 25. Rd1 {Weighted Error Value: White=0.09/Black=0.00} 1/2-1/2

[Event "Israel Championship 2021"]
[Site "Haifa"]
[Date "2021.03.12"]
[Round "6.4"]
[White "Gorshtein, Ido"]
[Black "Rozen, Eytan"]
[Result "1-0"]
[WhiteElo "2387"]
[BlackElo "2399"]
[Annotator "TA"]
[PlyCount "75"]
[EventDate "2021.01.10"]
[EventType "swiss"]
[EventCountry "ISR"]
[SourceTitle "playchess.com"]
[Source "ChessBase"]
[SourceQuality "1"]

{[%evp 12,75,19,-1,-8,-3,0,0,0,0,3,-7,0,-15,1,5,9,6,25,22,25,18,22,15,22,9,22,22,17,18,23,16,20,18,23,12,13,14,42,31,59,37,143,110,221,227,405,388,495,489,643,643,1003,952,1672,1622,2328,1555,1715,1712,1591,1469,29989,29990,29995,29995]} 1. c4 Nf6 2. Nf3 c6 3. Nc3 d5 4. e3 e6 5. b3 Bd6 6. Bb2 O-O 7. Be2 e5 {A11: English Opening: 1...c6.} 8. cxd5 cxd5 9. Nb5 {[%cal Bc3b5,Bb5a3,Ba3c2,Bc2d4][%mdl 32]} e4 {The position is equal.} 10. Nfd4 Be5 {[#]} 11. Rc1 $146 ({Predecessor:} 11. Ne6 fxe6 12. Bxe5 Nc6 13. Bg3 e5 14. O-O a6 15. Na3 Be6 16. f4 exf3 17. Bxf3 {1-0 (61) Gareyev,T (2598)-Sasikiran,K (2656) Moscow 2019}) 11... a6 12. Na3 (12. Nc3 {keeps more tension.} Bxd4 13. exd4 Nc6 14. Na4 Re8 15. O-O) 12... Bxd4 13. Bxd4 Nc6 14. Nc2 Nxd4 15. Nxd4 Qd6 16. O-O Bd7 17. d3 Rac8 18. h3 Rxc1 19. Qxc1 Rc8 20. Qb2 Qc5 21. Rd1 h6 22. dxe4 dxe4 23. Bf1 Qg5 24. Kh1 Qh4 25. Rd2 Rc5 26. Qa3 b6 (26... Qg5 $14) 27. b4 ({Wrong is} 27. Bxa6 $2 Ra5 $19) 27... Rg5 (27... Rc7 $16) 28. Qxa6 $18 Rg6 $2 (28... Kh7 29. Qb7 (29. Qxb6 Bxh3 30. gxh3 Ng4 $11) 29... Rg6) 29. Qxb6 Kh7 {[#] Strongly threatening ...Ng4.} 30. Qc7 Ng4 31. g3 Nxf2+ 32. Rxf2 Rxg3 33. Qxd7 Rg6 34. Re2 Qg3 35. Bg2 Rf6 36. Qg4 Rf1+ 37. Bxf1 Qg2+ 38. Bxg2 {Weighted Error Value: White=0.08/Black=0.58} 1-0

[Event "Israel Championship 2021"]
[Site "Haifa"]
[Date "2021.03.12"]
[Round "6.5"]
[White "Solomon, Asif"]
[Black "Sokolovsky, Yahli"]
[Result "0-1"]
[WhiteElo "2356"]
[BlackElo "2472"]
[Annotator "TA"]
[PlyCount "144"]
[EventDate "2021.01.10"]
[EventType "swiss"]
[EventCountry "ISR"]
[SourceTitle "playchess.com"]
[Source "ChessBase"]
[SourceQuality "1"]

{[%evp 16,144,51,51,62,39,45,44,52,8,10,0,0,0,47,0,0,-14,-11,-11,-5,-14,-15,-15,17,-9,-7,-9,0,0,0,0,0,-29,0,-27,21,0,0,0,0,0,35,44,195,45,83,74,165,158,253,0,0,6,166,0,67,0,0,-21,-12,-81,-85,-86,-74,-129,-131,-131,-82,-91,-40,-70,-46,-44,-48,-59,-44,-42,0,0,0,-8,0,0,0,-49,-34,-57,-9,-20,-13,-16,0,0,0,0,18,0,0,0,0,0,0,0,0,0,0,-766,-10,-227,0,-454,-202,-609,-612,-581,-578,-530,-495,-524,-524,-923,-907,-1104,-1036,-4586,-4133,-2231,-2054,-2094,-1956]} 1. d4 Nf6 2. c4 g6 3. Nc3 Bg7 4. e4 d6 5. h3 O-O 6. Be3 Nbd7 7. Nf3 e5 8. d5 Nc5 9. Nd2 Ne8 {E90: King's Indian: Classical: Early deviations and 6 h3.} 10. g4 f5 11. gxf5 gxf5 {White is slightly better.} 12. Qc2 {[#]} Qh4 $146 ({Predecessor:} 12... Ne6 13. dxe6 f4 14. Bxa7 Rxa7 15. c5 Bxe6 16. Nb5 Ra8 17. Bc4 d5 18. exd5 Bxd5 {1-0 (32) Hoi,C (2410)-Poulsen,A (2350) Hillerod 1980}) 13. O-O-O Bh6 14. Nf3 Qf6 15. Rg1+ Kh8 16. Ng5 f4 $1 {[%cal Rf4e3]} 17. Bxc5 Bxg5 18. Ba3 b6 19. Kb1 f3 20. Rd3 Bh4 21. b3 Qf4 22. Rh1 Bd7 23. Bc1 Qf6 24. Nd1 {[%cal Bc3d1,Bd1e3,Be3g4][%mdl 32]} c5 25. Ne3 b5 26. Ng4 Qg6 27. Rd1 $1 Nc7 28. Bb2 Bf6 29. Rg1 Bg7 (29... Qe8 $14) 30. Bd3 (30. cxb5 $1 $18 {Strongly threatening Rg3.} Rfb8 31. Rg3) 30... Qh5 31. Rg3 a5 (31... bxc4 $16 32. Qxc4 (32. Bxc4 a5 $14) 32... a5) 32. Rdg1 $1 $18 a4 {[#]} (32... bxc4 $16 {is a better defense.} 33. Bxc4 a4) 33. Qd2 $2 (33. Nxe5 $1 $18 {[%mdl 512]} axb3 (33... Bxe5 34. Rg5) 34. Nf7+ Qxf7 35. Qc3 $3 {[%mdl 512]} bxa2+ 36. Ka1 Bxc3 37. Bxc3+ Qf6 38. Rg8+ $3 {[%mdl 512]} Rxg8 39. Bxf6+ Rg7 40. Bxg7+ Kg8 41. Be5+ {[%mdl 64] Discovered Attack} Kf7 42. Rg7+ {[%mdl 64] Double Attack} (42. Bxd6 bxc4 43. Bc2 Ne8 $18) 42... Ke8 43. Bxd6 {[%mdl 64] Double Attack}) 33... axb3 $11 34. axb3 {aiming for Nxe5.} Bxg4 (34... Qh4 $11 {and Black has nothing to worry.}) 35. hxg4 $2 (35. Rxg4 Bh6 $11) ({Only move:} 35. cxb5 $18 {Hoping for Bc1.} Bh6 36. hxg4) 35... Qe8 (35... Qg6 $1 $11) 36. g5 (36. Rh1 $14) 36... bxc4 37. Bxc4 Nb5 38. g6 (38. Qe3 $11 {remains equal.}) 38... h6 $17 39. Rh1 {Rgh3! is the strong threat.} Rf4 40. Rgh3 (40. Re1 $142) 40... Na3+ 41. Kc1 Kg8 $1 42. Bd3 Qb8 ({Black should try} 42... Nb5 $17) 43. Qc3 Ra7 44. Re1 {[#]} Rb7 $1 45. Bc2 ({Don't go for} 45. Bxa3 $2 Rxb3 46. Qc4 Rxa3 $19) 45... Nxc2 46. Kxc2 Qc8 47. Rxf3 c4 48. bxc4 Rc7 {[%cal Bb7c7,Bc7c4,Bc4b4][%mdl 32]} 49. Kb1 Rxc4 50. Qd3 Rb4 {[%mdl 1024] Black has compensation.} 51. Re2 Qb7 (51... Qf8 $5 {[%cal Rf4f3]} 52. Rg3 Rxf2 $15) 52. Rfe3 Rf8 {Threatens to win with ...Rb8.} 53. Rc2 Rb8 {[%cal Rb4b2]} 54. Qe2 $1 Qb6 55. Rec3 Bf8 56. Kc1 {And now Qf3 would win.} Be7 57. Rc6 Bg5+ 58. Kb1 Qd4 59. Rc8+ Rxc8 60. Rxc8+ Kg7 61. f3 $2 {[%mdl 8192]} (61. f4 $11 Bxf4 62. Rc7+ Kxg6 63. Qg4+ Bg5 64. Qf5+ Kh5 65. Qh3+ Kg6 66. Qf5+ Kh5 67. Qh3+ Kg6 68. Qf5+) 61... h5 $2 $40 {[%mdl 128] Black mounts an attack.} ({Less strong is} 61... Qg1+ 62. Ka2 $17) (61... Bd2 $19 {[%csl Gb4][%cal Rd4b2]} 62. Rc2 Qg1+ 63. Ka2 Ra4+ 64. Ba3 Qa7 $1) 62. Rc2 $2 (62. Rc7+ $1 $11 Kxg6 63. Rc6) 62... h4 $2 ({And not} 62... Kxg6 63. Qa6 $11) (62... Qg1+ $19 63. Ka2 Ra4+ 64. Kb3 Ra7) 63. Qg2 $2 {[%mdl 8192]} (63. f4 $1 $11 {and White stays safe.}) 63... Kxg6 (63... Qd1+ $142 64. Ka2 {[#]} Rb7 $1) 64. Rc8 $2 (64. Ka2 Qa7+ 65. Ba3) 64... Qd1+ $19 {Black is clearly winning.} 65. Ka2 Qb3+ 66. Kb1 {intending Rg8+.} Qd3+ 67. Qc2 Qxc2+ 68. Rxc2 Bf4 69. Ka2 h3 70. Re2 h2 71. Re1 Kh5 72. Bc3 Rb8 {What a bad dream for White.  Weighted Error Value: White=0.26/Black=0.25} 0-1

[Event "Israel Championship 2021"]
[Site "Haifa"]
[Date "2021.03.12"]
[Round "6.6"]
[White "Kobo, Ori"]
[Black "Tzidkiya, Yeshaayahu"]
[Result "1/2-1/2"]
[WhiteElo "2460"]
[BlackElo "2380"]
[Annotator "TA"]
[PlyCount "74"]
[EventDate "2021.01.10"]
[EventType "swiss"]
[EventCountry "ISR"]
[SourceTitle "playchess.com"]
[Source "ChessBase"]
[SourceQuality "1"]

{[%evp 18,74,22,12,19,31,40,36,50,31,66,53,54,51,58,0,0,0,1,0,0,0,0,0,0,0,0,0,0,0,0,0,14,22,11,0,0,0,0,0,0,0,0,0,36,-8,-7,0,0,0,0,0,0,0,0,0,0,0,0]} 1. Nf3 Nf6 2. d4 g6 3. g3 Bg7 4. Bg2 O-O 5. O-O d6 6. a4 a5 7. Nc3 Nbd7 8. e4 e5 9. Re1 Re8 10. h3 b6 11. Be3 exd4 12. Nxd4 Ba6 {White is slightly better.} 13. Qd2 Qc8 14. Ndb5 Bb7 {[%cal Rf6e4]} 15. Bd4 Nc5 {[%cal Rf6e4]} 16. Rad1 (16. f3 $14) 16... Nfxe4 $11 17. Nxe4 Nxe4 18. Qf4 {[#] Black must now prevent Bxg7.} Bxd4 19. Rxd4 {[%cal Rg2e4]} Nf6 20. Rxe8+ Nxe8 21. Bxb7 Qxb7 22. Re4 {next Re7! is good for White.} c5 23. Qe3 Qc6 24. Re7 Ng7 25. Rc7 Qd5 26. Qd3 Qe6 27. Qxd6 ({Wrong is} 27. Nxd6 $2 Rd8 $19) 27... Qe1+ 28. Kg2 Qe4+ 29. Kg1 $1 Qe1+ 30. Kg2 {And now Qd5! would win.} Nf5 31. Qf4 {Strongly threatening g4.} ({Don't play} 31. Qxb6 Ne3+ 32. fxe3 Qe2+ 33. Kh1 Qd1+ 34. Kh2 Qe2+ 35. Kh1 Qd1+ 36. Kh2 Qd2+ 37. Kh1 Qd1+ $15) (31. Qd5 $5 {[%cal Rd5f7]} Rf8 32. Rb7 $11) 31... Rd8 {...Rd1 is the strong threat.The position is equal.} 32. Nc3 {[%cal Rc3e4] Threatens to win with Ne4.} Rd2 33. Rc8+ Kg7 {( -> ...Ne3+)} 34. Ne4 $1 {[%cal Re4d2]} Ne3+ (34... Rd1 $5 35. Qe5+ $8 Kh6 36. Qf4+ Kg7 37. Qe5+ Kh6 38. Qf4+ Kg7 $11) 35. Kh2 Nf1+ 36. Kg2 {Hoping for Qe5+.} Ne3+ {[%mdl 64] [#] Double Attack} 37. Kh2 Nf1+ {Weighted Error Value: White=0.08/Black=0.05} 1/2-1/2

[Event "Israel Championship 2021"]
[Site "Haifa"]
[Date "2021.03.12"]
[Round "6.7"]
[White "Gruenfeld, Yehuda"]
[Black "Postny, Evgeny"]
[Result "0-1"]
[WhiteElo "2412"]
[BlackElo "2605"]
[Annotator "TA"]
[PlyCount "158"]
[EventDate "2021.01.10"]
[EventType "swiss"]
[EventCountry "ISR"]
[SourceTitle "playchess.com"]
[Source "ChessBase"]
[SourceQuality "1"]

{[%evp 24,158,40,17,19,13,10,8,8,11,7,0,10,0,0,0,-7,-26,-22,-21,-3,-25,-20,-35,-33,-32,-25,-28,-42,-83,-90,-101,-75,-293,-329,-326,-315,-341,-345,-344,-345,-365,-342,-338,-239,-233,-243,-234,-226,-224,-224,-222,-221,-263,-263,-269,-263,-262,-260,-245,-246,-259,-263,-263,-263,-269,0,-253,-247,-237,-221,-232,-218,-227,-229,-224,-219,-212,-194,-218,-210,-251,-247,-221,-224,-249,-229,-225,-225,-227,-218,-211,-218,-220,-239,-248,-270,-264,-270,-271,-271,-265,-264,-262,-258,-265,-264,-280,-293,-297,-305,-300,-302,-300,-286,-300,-295,-316,-325,-352,-352,-364,-357,-344,-341,-750,-629,-1354,-1354,-1307,-1293,-975,-932,-912,-912,-727,-727]} 1. e4 e5 2. Nf3 Nc6 3. Bb5 a6 4. Ba4 Nf6 5. O-O Be7 6. Re1 b5 7. Bb3 d6 8. c3 O-O 9. h3 Nb8 10. d4 Nbd7 11. Nbd2 Bb7 12. Bc2 c5 13. d5 {13.d5 is better than 13.Nf1.} c4 {C95: Closed Ruy Lopez: Breyer Variation with 10 d4.} 14. Nf1 Qc7 15. Ng3 g6 {The position is equal.} 16. Bh6 Rfb8 17. Qd2 a5 18. Rf1 b4 {[#]} 19. Ng5 $146 ({Predecessor:} 19. a3 b3 20. Bd1 Nc5 21. Qe3 Kh8 22. Ng5 Bd8 23. f4 Ng8 24. Nxf7+ Qxf7 25. fxe5 {½-½ (42) Borodin,S (2255)-Zakharov,O (2342) ICCF email 2018}) 19... Ba6 20. f4 bxc3 21. bxc3 Rb2 22. Kh2 Qd8 23. Rf2 Rab8 24. Nf3 Nc5 25. Qe3 Nfd7 $36 {[%mdl 2048] Black has good play.} 26. fxe5 dxe5 27. Raf1 f6 28. Nd4 $2 exd4 $19 29. cxd4 Nd3 ({Weaker is} 29... Rxa2 30. e5 $11) 30. Bxd3 cxd3 31. e5 {Strongly threatening exf6.} Rxf2 32. Rxf2 {[#]} fxe5 33. Ne4 d2 34. Rxd2 {[#] intending dxe5.} exd4 35. Qxd4 {[%csl Gh6][%cal Rd4g7]} Bf6 36. Nxf6+ Qxf6 37. Qg4 Qf5 38. Qg3 {Rf2 would now be nice for White.} Re8 39. d6 Bc4 40. Rf2 Qe5 41. Bf4 Qd4 42. Rd2 Qe4 43. Qg5 Qf5 44. Qg3 Qe4 $2 ({Black should try} 44... a4 $19 {aiming for ...Bb5.} 45. Rf2 Re2 46. Rxe2 Bxe2) 45. Bh6 $2 {[%mdl 8192]} (45. Qg5 $11 a4 46. Bg3) 45... Qe5 46. Bf4 Qg7 47. Qg5 Qf7 48. Bg3 Qf5 49. Qh4 Bf7 50. Qa4 Be6 51. Rb2 Qd5 52. a3 Rc8 53. Qh4 Rf8 54. Re2 g5 55. Qh6 Rf6 56. Qh5 Rg6 57. Re1 Qd3 58. a4 {[#]} Nf6 $1 59. Qe2 (59. Qf3 Qxf3) 59... Qxe2 60. Rxe2 Bd7 61. Re5 Bxa4 62. Rxa5 Bd7 63. Re5 Rg7 64. Be1 Kf7 65. Bc3 Kg6 66. Re1 Rf7 67. Re5 Ne8 68. Bb4 Ng7 69. Bd2 Ne6 70. Kg1 Rf5 71. Rxf5 Kxf5 72. Kf2 Ke5 73. Bb4 h5 74. g3 $2 (74. Ke3) 74... Nd8 {Black is clearly winning.} 75. h4 g4 76. Ke3 Nf7 77. Bc3+ Kxd6 78. Kf4 Kd5 79. Ba5 Nd6 {Weighted Error Value: White=0.26/Black=0.09} 0-1

[Event "Israel Championship 2021"]
[Site "Haifa"]
[Date "2021.03.12"]
[Round "6.8"]
[White "Ben Ari, Yannay"]
[Black "Rechlis, Gad"]
[Result "1/2-1/2"]
[WhiteElo "2403"]
[BlackElo "2513"]
[Annotator "TA"]
[PlyCount "113"]
[EventDate "2021.01.10"]
[EventType "swiss"]
[EventCountry "ISR"]
[SourceTitle "playchess.com"]
[Source "ChessBase"]
[SourceQuality "1"]

{[%evp 16,113,35,36,36,43,26,25,23,24,50,29,35,22,79,79,77,56,78,77,81,80,84,63,75,83,77,89,101,78,88,0,99,0,52,52,102,92,116,107,99,66,67,71,113,103,103,93,216,220,357,344,410,306,302,49,56,22,27,0,0,0,0,-26,360,342,300,0,24,18,135,154,167,95,264,255,341,80,256,0,0,0,0,0,0,0,0,0,0,0,0,0,0,0,0,0,0,0,0,0]} 1. c4 Nf6 2. g3 g6 3. Bg2 Bg7 4. Nf3 O-O 5. O-O Nc6 6. d4 d6 7. Nc3 a6 8. b3 Rb8 9. d5 Na5 {E63: King's Indian: Fianchetto: Panno Variation with 7...a6.} 10. Bg5 c5 $1 {10...c5 scores better than 10...h6.} 11. dxc6 Nxc6 {White has an edge.} 12. Rc1 Bd7 13. Nd5 Nxd5 14. cxd5 {[#]} Nb4 $146 (14... Ne5 $11 {remains equal.}) ({Predecessor:} 14... Ne5 15. Nd4 h6 16. Bd2 Qb6 17. e3 Rbc8 18. Bc3 Rc5 19. Bb2 Rfc8 20. Rxc5 dxc5 {1-0 (44) Barp,A (2377)-Richter,N (2307) chess.com INT 2020}) 15. Qd2 $16 a5 16. Rfd1 Re8 17. e4 Rc8 18. Rxc8 Bxc8 19. Rc1 Bd7 20. Be3 Na6 21. Bf1 Bg4 22. Ne1 Bd7 23. Nf3 Bg4 24. Ne1 Bd7 $1 25. Kg2 h5 26. Nf3 $36 {[%mdl 2048] White is really pushing.} Nb4 27. a3 Na6 28. b4 axb4 29. axb4 e6 30. dxe6 Bxe6 31. Bb5 Bd7 (31... Rf8 $16 {was worth a try.}) 32. Bc4 $1 $18 Qf6 (32... Qe7 $142 33. Ng5 Be6 34. Nxe6 fxe6) 33. Ng5 Re7 34. h4 Nc7 35. Nxf7 $2 (35. Bxf7+ $18 Rxf7 36. Nxf7 Qxf7 37. Rxc7 Bh3+ {[%mdl 64] Discovered Attack} 38. Kxh3 Qxc7 39. Qd5+ Kh8 40. b5) 35... d5 $1 $14 {[%cal Rd5c4]} 36. Bg5 Qxf7 37. Bxe7 Qxe7 38. exd5 {And now d6+ would win.} Qd6 39. Bb3 {Threatens to win with Rxc7!} Na6 {[%mdl 8192] [#]} (39... Kh7 $11 {and Black is okay.}) 40. Rc6 $3 $18 {[%cal Rc6d6][%mdl 512]} Qe5 (40... Qxb4 41. Qxb4) 41. Rc4 (41. Rb6 $1 $18 {[%cal Rb6b7]}) 41... Kh7 42. d6 Nb8 (42... Bf6 $11) 43. Rc5 $16 Qf6 {[#]} 44. Rc7 ({Better is} 44. Bd5 $1 $18) 44... Qf5 $2 (44... Bc6+ $16 45. Bd5 Qe5 46. Bxc6 Nxc6) 45. Bd5 Nc6 {[#]} 46. Bxc6 (46. Qg5 $1 $18 {is the precise move to win.}) 46... bxc6 $2 (46... Bxc6+ $16 47. Rxc6 {[%mdl 64] Remove Defender} bxc6) 47. Qg5 $2 (47. Kg1 $18) 47... Qe4+ $11 {The position is equal.} 48. Kh2 Bh3 {[%csl Gh3][%cal Re4g2]} 49. f3 $1 {[%cal Rf3e4]} ({But not} 49. Rxg7+ $2 Kxg7 50. f3 (50. Qe7+ $2 Qxe7 51. dxe7 Bd7 $19) 50... Qe1 $19) 49... Qxf3 {[%csl Gh3][%cal Rf3g2]} 50. Rxg7+ Kxg7 {[%csl Gh3][%cal Rf3g2]} 51. Qe7+ Qf7 {White must now prevent ...Qxe7.} (51... Kg8 {feels hotter.} 52. Qe8+ Kg7 53. Qe7+) 52. Kxh3 Qxe7 53. dxe7 Kf7 54. g4 Kxe7 55. gxh5 gxh5 56. Kg3 Ke6 {aiming for ...Ke5.} 57. Kf4 {Weighted Error Value: White=0.41/Black=0.39} 1/2-1/2

[Event "Israel Championship 2021"]
[Site "Haifa"]
[Date "2021.03.12"]
[Round "6.9"]
[White "Kraus, Ohad"]
[Black "Dvoirys, Semen I."]
[Result "1/2-1/2"]
[WhiteElo "2363"]
[BlackElo "2483"]
[Annotator "TA"]
[PlyCount "76"]
[EventDate "2021.01.10"]
[EventType "swiss"]
[EventCountry "ISR"]
[SourceTitle "playchess.com"]
[Source "ChessBase"]
[SourceQuality "1"]

{[%evp 18,76,10,10,18,16,33,21,50,0,0,0,0,0,0,0,0,0,0,-9,8,-37,-35,-34,-34,-70,-71,-89,-92,-92,-52,-57,-58,-64,0,0,0,0,0,0,0,-32,-28,-37,-46,-47,-39,-39,-36,-53,-49,-50,0,0,0,0,0,0,0,0,0]} 1. d4 Nf6 2. c4 g6 3. Nc3 d5 4. Bf4 Bg7 5. e3 c5 6. dxc5 Qa5 7. Rc1 dxc4 8. Bxc4 O-O 9. Nge2 Qxc5 10. Qb3 Qa5 11. O-O Nc6 12. h3 a6 13. a3 b5 14. Bd5 Bb7 15. Bf3 Rac8 16. Rfd1 Qb6 17. e4 {Black must now prevent e5.} Na5 18. Qa2 Rfd8 19. Rxd8+ Qxd8 20. Rd1 Qe8 21. b4 Nc4 22. Nd5 Nxd5 23. exd5 Rd8 {[#] Strongly threatening ...e5.} 24. Qb3 $1 Qd7 25. Nc3 Ne5 (25... h5 $15) 26. Bxe5 $11 Bxe5 27. Ne4 Qc7 ({Don't go for} 27... Bxd5 $2 {[#]} 28. Rxd5 $1 {[%mdl 512]} Qc8 29. Rxd8+ Qxd8 30. Ng5 $18) 28. Nc5 {Threatens to win with d6.} Bc8 29. Re1 Bd4 30. Qc2 Bf5 31. Qe2 Bxc5 32. bxc5 Qxc5 33. Qxe7 Qxe7 34. Rxe7 $15 {KRB-KRB} Rd6 35. Ra7 {The position is equal.} Bd3 36. Kh2 Kg7 37. h4 Bc4 38. Kg3 Bxd5 {Weighted Error Value: White=0.07/Black=0.09} 1/2-1/2

[Event "Israel Championship 2021"]
[Site "Haifa"]
[Date "2021.03.12"]
[Round "6.10"]
[White "Haimovich, Tal"]
[Black "Iliaguev, Nisim"]
[Result "1/2-1/2"]
[WhiteElo "2375"]
[BlackElo "2332"]
[Annotator "TA"]
[PlyCount "121"]
[EventDate "2021.01.10"]
[EventType "swiss"]
[EventCountry "ISR"]
[SourceTitle "playchess.com"]
[Source "ChessBase"]
[SourceQuality "1"]

{[%evp 13,121,10,19,18,25,20,18,28,36,23,31,29,40,26,37,1,8,4,19,11,37,33,52,50,39,35,47,51,53,50,61,49,117,111,185,185,185,185,188,150,266,23,22,14,30,18,14,22,28,28,37,30,42,0,23,15,24,25,37,28,36,34,40,16,21,8,26,31,35,7,7,7,6,4,79,72,164,62,62,62,62,0,0,0,0,0,24,0,80,24,67,57,69,79,79,0,28,0,0,0,0,0,0,0,0,0,0,0,0,0]} 1. e4 c6 2. Nc3 d5 3. Nf3 Bg4 4. h3 Bxf3 5. Qxf3 e6 6. Be2 Nf6 7. O-O Nbd7 {7...Bc5 deserves study.} 8. d4 {B11: Caro-Kann: Two Knights Variation.} dxe4 9. Nxe4 Nxe4 10. Qxe4 Nf6 11. Qd3 Be7 12. a4 {[%cal Ba2a4,Ba4a5,Ba5a6][%mdl 32]} O-O 13. a5 Qc7 14. a6 b6 15. Qf3 {[#]} Rad8 $146 ({Predecessor:} 15... Rfd8 16. c3 Rac8 17. Bf4 Bd6 18. Bg5 Be7 19. Rfd1 Nd5 20. Bd2 Bf6 21. g3 Rd7 {½-½ (40) Korneevets,A (2267)-Ranaldi,L (2353) chess.com INT 2020}) 16. c3 c5 17. Bf4 Qc8 18. dxc5 Qxc5 19. Be3 Qc7 20. Qb7 Rd7 21. Qxc7 Rxc7 22. Bf3 Bc5 (22... Nd5 $14) 23. Bf4 $16 Rd7 (23... Rcc8 $16) 24. Rfd1 $18 Rfd8 25. Rxd7 Rxd7 26. Bc6 Rd8 {[#]} (26... Rd3 $16 {was necessary.} 27. b4 Bd6) 27. Kf1 $2 (27. b4 $1 $18 {[%cal Rb4c5]} Be7 28. Bc7) 27... Kf8 $11 28. Ke2 Ke7 29. Ra4 h6 30. Bb7 Nd5 31. Bc1 Nc7 32. Rc4 Ne8 33. Ra4 Nc7 34. Ra2 Nd5 35. Bd2 Bd6 36. g3 Kd7 37. Ra4 Ne7 38. b4 Nf5 39. Be4 Rc8 40. Kd3 Be5 41. f4 {Strongly threatening Bxf5.} (41. b5 {is more complex.} Nd6 42. Bc6+ Kc7 43. h4 Rd8 44. Kc2) 41... Bf6 42. Bxf5 exf5 {[%mdl 4096] Endgame KRB-KRB} 43. b5 Be7 (43... h5 $11 {remains equal.}) 44. Be3 $16 Bc5 {[#]} (44... h5 $16) 45. Bd4 (45. Rc4 $1 $18) 45... Ke6 46. Ra2 ({Of course not} 46. Bxg7 Rg8 $11) 46... Bxd4 $14 {KRB-KR} 47. Re2+ (47. Kxd4 $14 Rd8+ 48. Kc4) 47... Kd5 $1 $11 48. cxd4 {Black must now prevent Re7. KR-KR} Kd6 49. Re5 f6 50. Re1 (50. Rxf5 {seems wilder.} Rc1 51. Rh5 Rg1 52. g4 Ke6 53. Ke2) 50... g5 (50... h5 $11) 51. Rf1 ({Better is} 51. h4 $16) 51... Ke6 52. g4 gxf4 53. Rxf4 fxg4 54. hxg4 (54. Rxg4 $16 {Rg7 is the strong threat.} Kf7 55. Rg1) 54... Rc1 55. Rf5 Rd1+ {The position is equal.} 56. Kc3 Rc1+ 57. Kd3 Rd1+ 58. Ke3 Re1+ 59. Kd3 Rd1+ 60. Kc3 Rc1+ 61. Kd3 {Weighted Error Value: White=0.19/Black=0.18} 1/2-1/2